The engineering design process / (رقم التسجيلة. 180629)

تفاصيل مارك
000 -LEADER
fixed length control field 01053pamaa22003011i 4500
003 - CONTROL NUMBER IDENTIFIER
control field EG-GICUC
005 - DATE AND TIME OF LATEST TRANSACTION
control field 20260628112237.0
008 - FIXED-LENGTH DATA ELEMENTS--GENERAL INFORMATION
fixed length control field 921006s1993 nyua jrb 000 0 eng
020 ## - INTERNATIONAL STANDARD BOOK NUMBER
International Standard Book Number 0471517968
020 ## - INTERNATIONAL STANDARD BOOK NUMBER
International Standard Book Number 9780471517962
040 ## - CATALOGING SOURCE
Original cataloging agency EG-GICUC
Transcribing agency EG-GICUC
Modifying agency EG-GICUC
Language of cataloging eng
050 00 - LIBRARY OF CONGRESS CALL NUMBER
Classification number 620.0042
Item number Er88
082 00 - DEWEY DECIMAL CLASSIFICATION NUMBER
Classification number 620.0042
Edition number 20
Item number Er88
092 04 - LOCALLY ASSIGNED DEWEY CALL NUMBER (OCLC)
Edition number 21
Classification number 620.0042
Item number Er88
099 ## - LOCAL FREE-TEXT CALL NUMBER (OCLC)
Classification number 620.0042 Er88
100 1# - MAIN ENTRY--PERSONAL NAME
Personal name Ertas, Atila,
Dates associated with a name 1944-
Relator term Author.
245 14 - TITLE STATEMENT
Title The engineering design process /
Statement of responsibility, etc. Atila Ertas, Jesse C. Jones.
260 ## - PUBLICATION, DISTRIBUTION, ETC.
Place of publication, distribution, etc. New York :
Name of publisher, distributor, etc. Wiley,
Date of publication, distribution, etc. c1993.
264 ## - PRODUCTION, PUBLICATION, DISTRIBUTION, MANUFACTURE, AND COPYRIGHT NOTICE
Place of production, publication, distribution, manufacture New York :
Name of producer, publisher, distributor, manufacturer Wiley,
Date of production, publication, distribution, manufacture, or copyright notice c1993.
300 ## - PHYSICAL DESCRIPTION
Extent xiv, 525 page. :
Other physical details illustration. ;
Dimensions 26 cm.
504 ## - BIBLIOGRAPHY, ETC. NOTE
Bibliography, etc. note Includes bibliographical references and index.
650 #0 - SUBJECT ADDED ENTRY--TOPICAL TERM
Topical term or geographic name entry element Engineering design.
700 1# - ADDED ENTRY--PERSONAL NAME
Personal name Jones, Jesse C.
856 42 - ELECTRONIC LOCATION AND ACCESS
Materials specified Publisher description
Uniform Resource Identifier <a href="http://www.loc.gov/catdir/enhancements/fy0607/92034615-d.html">http://www.loc.gov/catdir/enhancements/fy0607/92034615-d.html</a>
856 41 - ELECTRONIC LOCATION AND ACCESS
Materials specified Table of contents only
Uniform Resource Identifier <a href="http://www.loc.gov/catdir/enhancements/fy0607/92034615-t.html">http://www.loc.gov/catdir/enhancements/fy0607/92034615-t.html</a>
905 ## - Cataloger and Reviser Names
Cataloger Name Hany
942 ## - ADDED ENTRY ELEMENTS (KOHA)
Source of classification or shelving scheme Dewey Decimal Classification
Koha item type Books
Edition 21
Suppress in OPAC No
المقتنيات
Withdrawn status Lost status Source of classification or shelving scheme Damaged status Not for loan Home library Current library Date acquired Total checkouts Full call number Barcode Date last seen Price effective from Koha item type
    Dewey Decimal Classification     مكتبة جامعة القاهرة الاهلية قاعة الهندسة 28.06.2026   620.0042 Er88 02010031500000 28.06.2026 28.06.2026 Books
Cairo University Libraries Portal Implemented & Customized by: Eng. M. Mohamady Contacts: new-lib@cl.cu.edu.eg | cnul@cl.cu.edu.eg
CUCL logo CNUL logo
© All rights reserved — Cairo University Libraries
CUCL logo
Implemented & Customized by: Eng. M. Mohamady Contact: new-lib@cl.cu.edu.eg © All rights reserved — New Central Library
CNUL logo
Implemented & Customized by: Eng. M. Mohamady Contact: cnul@cl.cu.edu.eg © All rights reserved — Cairo National University Library